Currículo y modernización. Cuatro décadas de educación en Colombia.

Detalles Bibliográficos
Autor principal: Martínez Boom, Alberto
Otros Autores: Noguera, Carlos, Castro, Jorge Orlando
Formato: Libro
Lenguaje:inglés
Publicado: Santafé de Bogotá Foro nacional por Colombia 1994
Materias:

MARC

LEADER 00000cam a2200000 a 4500
001 013925
003 UAHC_CL
005 20170803121055.0
008 010822b xx j 000 1 eng
040 |a UAHC_CL  |c UAHC_CL  |d UAHC_CL 
100 1 |a Martínez Boom, Alberto 
245 1 0 |a Currículo y modernización. Cuatro décadas de educación en Colombia. 
260 |a Santafé de Bogotá  |b Foro nacional por Colombia  |c 1994 
300 |a 175 p. 
650 4 |a EDUCACION  |z COLOMBIA 
700 1 |a Noguera, Carlos 
700 1 |a Castro, Jorge Orlando 
900 |a 370.1 MAR 
942 |c BK 
952 |0 0  |1 0  |4 0  |6 370_100000000000000_MAR  |7 0  |8 General  |9 27935  |a BC  |b BC  |c General  |d 2017-08-03  |o 370.1 MAR  |p 1303611  |r 2026-01-13 00:00:00  |t 1  |w 2017-08-03  |y BK  |z Fotocopia 
952 |0 0  |1 0  |4 0  |6 370_100000000000000_MAR  |7 0  |8 General  |9 27936  |a BC  |b BC  |c General  |d 2017-08-03  |o 370.1 MAR  |p 1303608  |r 2026-01-13 00:00:00  |t 2  |w 2017-08-03  |y BK  |z Fotocopia 
999 |c 13925  |d 13925